नाटककार प्रेमचंदःसंदर्भ 'कर्बला ' (Record no. 6795)

MARC details
000 -LEADER
fixed length control field 01113 a2200217 4500
005 - DATE AND TIME OF LATEST TRANSACTION
control field 20080912101554.0
008 - FIXED-LENGTH DATA ELEMENTS--GENERAL INFORMATION
fixed length control field 080912t xxu||||| |||| 00| 0 hin d
010 ## - LIBRARY OF CONGRESS CONTROL NUMBER
LC control number HIN-80669
020 ## - INTERNATIONAL STANDARD BOOK NUMBER
International Standard Book Number 8188577146
Terms of availability 110.00
035 ## - SYSTEM CONTROL NUMBER
System control number HN-53015
037 ## - SOURCE OF ACQUISITION
Source of stock number/acquisition D.B.Act / pub
082 ## - DEWEY DECIMAL CLASSIFICATION NUMBER
Classification number 822.08
100 ## - MAIN ENTRY--PERSONAL NAME
Personal name झा, ज्ञानतोष
245 ## - TITLE STATEMENT
Title नाटककार प्रेमचंदःसंदर्भ 'कर्बला '
Statement of responsibility, etc ज्ञानतोष झा
246 ## - VARYING FORM OF TITLE
Title proper/short title Natakakar Premchand
Remainder of title by Sandarbh 'Karbala'
260 ## - PUBLICATION, DISTRIBUTION, ETC. (IMPRINT)
Place of publication, distribution, etc दिल्ली
Name of publisher, distributor, etc पूर्वा प्रकाशन
Date of publication, distribution, etc 2006
270 ## - ADDRESS
Address x/3897,,गली न. 13, शान्ति मोहल्ला,गाँधी नगर
City दिल्ली
Postal code 110031
300 ## - PHYSICAL DESCRIPTION
Extent 96पृ
Dimensions 22 सेमी (सजिल्द)
942 ## - ADDED ENTRY ELEMENTS (KOHA)
Institution code [OBSOLETE] dpl
Koha item type Hindi Books
Call number prefix 822.08 / झाज्ञान
Source of classification or shelving scheme Dewey Decimal Classification
Classification part 822.08
Call number suffix झाज्ञान
Holdings
Withdrawn status Lost status Damaged status Not for loan Home library Current library Date acquired Cost, normal purchase price Total Checkouts Full call number Barcode Date last seen Copy number Uniform Resource Identifier Cost, replacement price Price effective from Koha item type
        D.B.Act.Division D.B.Act.Division 12/09/2008 110.00   822.08 झाज्ञान HN-53015 15/09/2008 1 7298 110.00 15/09/2008 Hindi Books

© Delhi Public Library
Hit Counter
free hit counter